| 000 | 00000nam 2200000zi 4500 |
| 001 | 9.934753 |
| 003 | CaOODSP |
| 005 | 20240726144232 |
| 006 | m o d f |
| 007 | cr mn||||||||| |
| 008 | 240229e202405 quc o f000 0 fre d |
| 020 | |a9780660705538 |
| 040 | |aCaOODSP|bfre|erda|cCaOODSP |
| 043 | |an-cn--- |
| 086 | 1 |aEm12-121/2024F-PDF |
| 245 | 00|aDocuments de lecture en formats substituts : |brapport sur ce que nous avons entendu. |
| 264 | 1|a[Gatineau, Québec] : |bEmploi et deĢveloppement social Canada = Employment and Social Development Canada, |cmai 2024. |
| 264 | 4|c©2024 |
| 300 | |a1 ressource en ligne (14 pages) |
| 336 | |atexte|btxt|2rdacontent/fre |
| 337 | |ainformatique|bc|2rdamedia/fre |
| 338 | |aressource en ligne|bcr|2rdacarrier/fre |
| 500 | |aPublié aussi en anglais sous le titre : Alternate format reading materials: what we heard report. |
| 650 | 6|aPersonnes handicapées|xSystèmes d'impression et écriture|zCanada|xOpinion publique. |
| 650 | 6|aPersonnes handicapées visuelles|xLivres et lecture|zCanada|xOpinion publique. |
| 650 | 6|aPersonnes handicapées|zCanada|xAttitudes. |
| 650 | 6|aPersonnes handicapées visuelles|zCanada|xAttitudes. |
| 710 | 1 |aCanada. |bEmploi et développement social Canada, |eorganisme de publication. |
| 775 | 08|tAlternate format reading materials : |w(CaOODSP)9.934751 |
| 776 | 0#|tDocuments de lecture en formats substituts : |w(CaOODSP)9.934754 |
| 856 | 40|qPDF|s383 Ko|uhttps://publications.gc.ca/collections/collection_2024/edsc-esdc/Em12-121-2024-fra.pdf |
| 856 | 4 |qHTML|sS.O.|uhttps://www.canada.ca/fr/emploi-developpement-social/programmes/plan-action-inclusion-personnes-situation-handicap/rapports/documents-lecture-formats-substituts.html |